00350pab a2200133 454500008004000000100002000040245006700060260000900127300001400136362000800150650001200158700001500170773003100185180718b2006 xxu||||| |||| 00| 0 eng d aArnott, Richard aAn integrated model of downtown parking and traffic congestion c2006 ap.418-42. aNov aTraffic aInci, Eren aJournal of Urban Economics